iPP/HDPE blends: Interactions at lower HDPE contents (Record no. 61675)

MARC details
000 -LEADER
fixed length control field 00351nam a2200133Ia 4500
100 ## - MAIN ENTRY--AUTHOR NAME
Personal name Blom H P
245 #0 - TITLE STATEMENT
Title iPP/HDPE blends: Interactions at lower HDPE contents
260 ## - PUBLICATION, DISTRIBUTION, ETC. (IMPRINT)
Name of publisher Journal of Applied Polymer Science
Year of publication 1995
300 ## - PHYSICAL DESCRIPTION
Number of Pages 995-1006
700 ## - ADDED ENTRY--PERSONAL NAME
Personal name Rudin A
700 ## - ADDED ENTRY--PERSONAL NAME
Personal name Teh J W
942 ## - ADDED ENTRY ELEMENTS (KOHA)
Koha item type Journals
Holdings
Withdrawn status Lost status Damaged status Not for loan Home library Current library Shelving location Date acquired Serial Enumeration / chronology Koha item type
      Journals RRII Library RRII Library Rubber chemistry 17/12/2021 Volume 58, Issue 6 Journals